| 000 | 00642nam a22001937a 4500 | ||
|---|---|---|---|
| 999 |
_c157803 _d157803 |
||
| 005 | 20181001163244.0 | ||
| 010 | _aENG-124153 | ||
| 020 |
_a9789386446619 _c350.00 |
||
| 035 | _aEN-107685 | ||
| 037 | _bDBAD/PUB | ||
| 082 | 0 | 0 | _a488.0071 |
| 100 | _aMajumdar, Aarati | ||
| 245 | 1 | 0 |
_aTeaching english as a second language: _cby Aarati Majumdar _btheory and praxis / |
| 260 |
_aNew Delhi _bSAGE Publications, _c2017 |
||
| 270 |
_aB1/I-1 Mohan Cooperative Industrial Area, Mathura Road _bNew Delhi _e110044 |
||
| 300 |
_axv,349p.(I-6) _c25cm.(pbk) _bill. |
||
| 500 | _aIt includes index | ||
| 942 |
_2ddc _cEN _h488.0071 _mMUJ |
||